Born in Groningen - Statistics

General Stats
  • This quiz has been taken 5 times
    2 since last reset
  • The average score is 3 of 5
Answer Stats
Hint Answer % Correct
Cyclist who rides for Lidl-Trek, winner of ten stage wins in all three Grand Tours and winner of the points classification of Vuelat in 2011 1986 Bauke Mollema
100%
Speed skater and two-time Olympic silver medalist 2004 Jenning de Boo
100%
Physicist who received the Nobel Prize in 1913, he discovered liquid helium and superconductivity 1853 Heike Kamerlingh Onnes
50%
Short track speed skaeter who won the Netherlands' first-ever Olympic gold medal in short track speed skating 1997 Suzanne Schulting
50%
Prime Minister of the Netherlands from 1926 to 1929 and aagin from 1939 to 1940 1870 Dirk Jan der Geer
0%
No matching quizzes found
Score Distribution
Percent of People with Each Score
Percentile by Number Answered
Your Score History
You have not taken this quiz since the last reset